[Event "Bizkaia ch"]
[Site "Zornotza"]
[Date "2006.10.21"]
[Round "1.1"]
[White "Galarza Docampo, Karmel"]
[Black "Galzagorri Uli, Yeray"]
[Result "0-1"]
[WhiteElo "2123"]
[BlackElo "2224"]
[PlyCount "70"]
[EventDate "2006.10.21"]

1. d4 d5 2. Nf3 c6 3. c4 Nf6 4. e3 Bg4 5. Qb3 Qb6 6. Qxb6 axb6 7. Ne5 Bf5 8.
Nc3 e6 9. cxd5 exd5 10. f3 h6 11. g4 Bh7 12. h4 Na6 13. Bxa6 Rxa6 14. g5 Nd7
15. Ng4 h5 16. Nf2 Bb4 17. Bd2 O-O 18. Ke2 Bd6 19. e4 dxe4 20. Nfxe4 Re8 21.
Kf2 Bc7 22. Rhe1 Raa8 23. Ng3 Bg6 24. a3 b5 25. Nce2 Nb6 26. Bf4 Bd8 27. Nc3
Be7 28. Rad1 Nc4 29. Bc1 Bc2 30. Nxh5 Bxd1 31. Rxd1 Rad8 32. Ng3 Rd7 33. Nf5
Bf8 34. h5 Red8 35. Ne4 Rd5 0-1

[Event "Bizkaia ch"]
[Site "Zornotza"]
[Date "2006.10.21"]
[Round "1.2"]
[White "Alonso Alonso, Ivan"]
[Black "Trigo Urquijo, Sergio"]
[Result "1/2-1/2"]
[WhiteElo "2176"]
[BlackElo "2101"]
[PlyCount "120"]
[EventDate "2006.10.21"]

1. e4 e5 2. Nf3 Nc6 3. Bb5 a6 4. Ba4 Nf6 5. O-O Nxe4 6. d4 b5 7. Bb3 d5 8. dxe5
Be6 9. Be3 Bc5 10. Bxc5 Nxc5 11. Nc3 d4 12. Ne2 d3 13. Nf4 Nb4 14. Bxe6 fxe6
15. Nxd3 Ncxd3 16. cxd3 Qxd3 17. a3 Qxd1 18. Rfxd1 Nd5 19. Rac1 O-O-O 20. g3
Nb6 21. b3 Rxd1+ 22. Rxd1 h6 23. Kg2 Rd8 24. Rxd8+ Kxd8 25. Nd4 Kd7 26. f4 c5
27. Nc2 Kc6 28. Kf3 Kd5 29. g4 a5 30. h4 Nd7 31. Ke3 g5 32. h5 a4 33. bxa4 bxa4
34. fxg5 hxg5 35. h6 Nxe5 36. h7 Ng6 37. Kd3 Ke5 38. Ke3 Kf6 39. Ne1 Kg7 40.
Nf3 Kf6 41. Ne1 Kg7 42. Nf3 Kf6 43. Nd2 Kg7 44. Nf3 Kf6 45. Kd3 Kg7 46. Kc4
Kxh7 47. Nxg5+ Kg7 48. Nxe6+ Kf7 49. Nxc5 Ne5+ 50. Kd5 Nxg4 51. Kd4 Ke7 52.
Nxa4 Kd6 53. Nc5 Kc6 54. a4 Kb6 55. Nb3 Nf6 56. Kc4 Ka6 57. Nc5+ Ka5 58. Kb3
Ng4 59. Nb7+ Kb6 60. Nd6 Ne5 1/2-1/2

[Event "Bizkaia ch"]
[Site "Zornotza"]
[Date "2006.10.21"]
[Round "1.3"]
[White "Rodriguez Gonzalez, Alex"]
[Black "Diez Fraile, David"]
[Result "1/2-1/2"]
[WhiteElo "2024"]
[BlackElo "2142"]
[PlyCount "82"]
[EventDate "2006.10.21"]

1. e4 c6 2. Nc3 d5 3. d4 dxe4 4. Nxe4 Nd7 5. Bc4 Ngf6 6. Ng5 e6 7. Qe2 Nb6 8.
Bd3 h6 9. N5f3 a5 10. c3 a4 11. Ne5 c5 12. Be3 Qc7 13. Ngf3 Bd6 14. Bb5+ Nbd7
15. Rd1 O-O 16. Nxd7 Bxd7 17. dxc5 Bxb5 18. Qxb5 Be7 19. Bd4 Rfc8 20. Bxf6 Bxf6
21. Rd7 Qxc5 22. Qxc5 Rxc5 23. Rxb7 a3 24. Ke2 axb2 25. Rxb2 Rxc3 26. Rhb1 Kh7
27. Ne1 Rca3 28. Rb7 Rxa2+ 29. Ke3 Bg5+ 30. f4 R8a3+ 31. R1b3 Bf6 32. h3 Rxb3+
33. Rxb3 g5 34. fxg5 hxg5 35. Kf3 Kg6 36. Nd3 Rc2 37. Rb4 Be7 38. Rb6 Rc3 39.
Ke2 Bc5 40. Rb7 Bd4 41. Rd7 Bf6 1/2-1/2

[Event "Bizkaia ch"]
[Site "Zornotza"]
[Date "2006.10.21"]
[Round "1.4"]
[White "Guilarte Simon, Ricardo"]
[Black "Unzueta Romero, Jesus"]
[Result "1-0"]
[WhiteElo "2150"]
[BlackElo "1957"]
[PlyCount "43"]
[EventDate "2006.10.21"]

1. e4 c6 2. d4 d5 3. exd5 cxd5 4. Nf3 Nf6 5. c3 Nc6 6. Bf4 Qb6 7. b4 Bg4 8.
Nbd2 e6 9. a4 Rc8 10. a5 Qd8 11. Qa4 Bd6 12. Bxd6 Qxd6 13. b5 Ne7 14. b6+ Nc6
15. a6 O-O 16. axb7 Rb8 17. bxa7 Nxa7 18. Qxa7 Qc6 19. Rb1 Bf5 20. Rb3 Bc2 21.
Ne5 Qc7 22. Qb6 1-0

[Event "Bizkaia ch"]
[Site "Zornotza"]
[Date "2006.10.21"]
[Round "1.5"]
[White "Ruiz Ruiz, Guillermo"]
[Black "Galarza Bilbao, Xabier"]
[Result "0-1"]
[WhiteElo "1901"]
[BlackElo "2111"]
[PlyCount "68"]
[EventDate "2006.10.21"]

1. d4 d5 2. c4 e6 3. cxd5 exd5 4. Nc3 Nf6 5. Qc2 Be7 6. Bg5 O-O 7. Nf3 c6 8. e3
Ne4 9. Bxe7 Qxe7 10. Bd3 Re8 11. O-O Nd7 12. Rab1 a5 13. a3 Nf8 14. b4 axb4 15.
axb4 Ra3 16. Bxe4 dxe4 17. Nd2 Bf5 18. Rfc1 Qg5 19. Ne2 h5 20. b5 Rd3 21. Nf4
Rxd4 22. bxc6 bxc6 23. Qxc6 Rc8 24. Qxc8 Bxc8 25. exd4 Bf5 26. g3 Ng6 27. Nxg6
Qxg6 28. Rb8+ Kh7 29. Ra1 Qd6 30. Raa8 Qxd4 31. Rh8+ Kg6 32. Ra6+ Be6 33. Nf1
Qd1 34. Kg2 Qd3 0-1

[Event "Bizkaia ch"]
[Site "Zornotza"]
[Date "2006.10.21"]
[Round "1.6"]
[White "Prieto Aranguren, Alain"]
[Black "Cuero Reid, Maximo Javier"]
[Result "1/2-1/2"]
[WhiteElo "2105"]
[BlackElo "1938"]
[PlyCount "26"]
[EventDate "2006.10.21"]

1. d4 Nf6 2. Nf3 Nc6 3. d5 Nb8 4. c4 g6 5. Nc3 Bg7 6. e4 O-O 7. Be2 e5 8. Bg5
d6 9. Nd2 Nbd7 10. O-O a5 11. Qc2 h6 12. Bh4 g5 13. Bg3 Nc5 1/2-1/2

[Event "Bizkaia ch"]
[Site "Zornotza"]
[Date "2006.10.21"]
[Round "1.7"]
[White "Garitaonaindia Areitio, Iker"]
[Black "Angulo Martinez, Jon"]
[Result "0-1"]
[WhiteElo "1964"]
[BlackElo "2101"]
[PlyCount "56"]
[EventDate "2006.10.21"]

1. e4 e5 2. Nf3 Nc6 3. Bc4 Bc5 4. d3 Nf6 5. O-O d6 6. Be3 Bb6 7. h3 O-O 8. Nbd2
Ne7 9. c3 Ng6 10. Qb3 h6 11. d4 Qe7 12. Rfe1 Nh5 13. Nf1 Nhf4 14. Ng3 Nh4 15.
Nxh4 Qxh4 16. Rad1 Bxh3 17. gxh3 Nxh3+ 18. Kg2 Nf4+ 19. Bxf4 exf4 20. Nf5 Qg4+
21. Kf1 f3 22. Ne3 Qh4 23. Kg1 Rae8 24. Bf1 Qg5+ 25. Kh2 Rxe4 26. Bh3 Qf4+ 27.
Kh1 Qh4 28. Kh2 Qxf2+ 0-1

[Event "Bizkaia ch"]
[Site "Zornotza"]
[Date "2006.10.28"]
[Round "2.1"]
[White "Galzagorri Uli, Yeray"]
[Black "Torres Garcia, Koldo"]
[Result "1-0"]
[WhiteElo "2224"]
[BlackElo "1942"]
[PlyCount "63"]
[EventDate "2006.10.21"]

1. Nf3 Nf6 2. g3 e6 3. Bg2 Be7 4. O-O O-O 5. d3 d5 6. Nbd2 c5 7. e4 Nc6 8. e5
Ne8 9. Re1 f6 10. exf6 Bxf6 11. c4 Nc7 12. Nb3 Qd6 13. Be3 d4 14. Bg5 e5 15.
Bxf6 gxf6 16. Nh4 Bd7 17. Qh5 f5 18. Bh3 Ne7 19. f4 exf4 20. Qg5+ Ng6 21. Bxf5
fxg3 22. Bxd7 gxh2+ 23. Kh1 Qxd7 24. Nxc5 Qh3 25. Nxg6 hxg6 26. Qxg6+ Kh8 27.
Re7 Rf1+ 28. Rxf1 Qxf1+ 29. Kxh2 Qf2+ 30. Qg2 Qf6 31. Qh3+ Kg8 32. Qh7+ 1-0

[Event "Bizkaia ch"]
[Site "Zornotza"]
[Date "2006.10.28"]
[Round "2.2"]
[White "Galarza Bilbao, Xabier"]
[Black "Guilarte Simon, Ricardo"]
[Result "0-1"]
[WhiteElo "2111"]
[BlackElo "2150"]
[PlyCount "66"]
[EventDate "2006.10.21"]

1. d4 e6 2. c4 Nf6 3. Nc3 Bb4 4. Qb3 c5 5. dxc5 Nc6 6. Nf3 Ne4 7. Bd2 Nxd2 8.
Nxd2 f5 9. e3 O-O 10. O-O-O Qa5 11. Be2 Bxc3 12. Qxc3 Nb4 13. Qb3 Nxa2+ 14. Kb1
Nb4 15. g4 Na6 16. gxf5 Nxc5 17. Qb5 Qxb5 18. cxb5 Rxf5 19. f4 d5 20. b4 Na4
21. Rc1 e5 22. Rc7 exf4 23. Rhc1 Rf8 24. exf4 Bf5+ 25. Ka2 Rac8 26. Nb3 Rxc7
27. Rxc7 Rf7 28. Rxf7 Kxf7 29. Nd4 Nc3+ 30. Kb3 Nxe2 31. Nxe2 Bd7 32. Nd4 Kg6
33. Kc3 Kh5 0-1

[Event "Bizkaia ch"]
[Site "Zornotza"]
[Date "2006.10.28"]
[Round "2.3"]
[White "Angulo Martinez, Jon"]
[Black "Alonso Alonso, Ivan"]
[Result "1-0"]
[WhiteElo "2101"]
[BlackElo "2176"]
[PlyCount "57"]
[EventDate "2006.10.21"]

1. e4 c5 2. Nf3 Nc6 3. d4 cxd4 4. Nxd4 Nf6 5. Nc3 e5 6. Ndb5 d6 7. Bg5 a6 8.
Na3 b5 9. Nd5 Be7 10. Bxf6 Bxf6 11. c3 Bg5 12. Nc2 Rb8 13. Nce3 Bxe3 14. Nxe3
O-O 15. Qd2 Ne7 16. Rd1 Rb6 17. c4 Qc7 18. Bd3 f5 19. exf5 Bb7 20. cxb5 axb5
21. Bc2 d5 22. Bb3 Rd6 23. O-O Kh8 24. Rc1 Qd7 25. Qa5 d4 26. Be6 Qd8 27. Qc7
Rf6 28. Qxb7 dxe3 29. fxe3 1-0

[Event "Bizkaia ch"]
[Site "Zornotza"]
[Date "2006.10.28"]
[Round "2.4"]
[White "Diez Fraile, David"]
[Black "Prieto Aranguren, Alain"]
[Result "0-1"]
[WhiteElo "2142"]
[BlackElo "2105"]
[PlyCount "84"]
[EventDate "2006.10.21"]

1. c4 d6 2. Nc3 g6 3. g3 Bg7 4. Bg2 e5 5. d3 f5 6. e3 Nf6 7. Nge2 O-O 8. O-O c6
9. Rb1 a5 10. a3 Na6 11. b4 axb4 12. axb4 Qc7 13. Bd2 Be6 14. Qc2 g5 15. f4
gxf4 16. exf4 Qb6+ 17. Kh1 Nxb4 18. Qb2 c5 19. Na2 e4 20. Nxb4 Ng4 21. Qc1 cxb4
22. Rxb4 Qa7 23. Nc3 Nf2+ 24. Rxf2 Qxf2 25. Be3 Ra1 26. Qxa1 Qxe3 27. Rxb7 Bd4
28. Qb1 Bxc3 29. dxe4 Ra8 30. Rb8+ Rxb8 31. Qxb8+ Kg7 32. Qb1 Qe1+ 33. Qxe1
Bxe1 34. exf5 Bxc4 35. Be4 d5 36. Bc2 Be2 37. Kg2 d4 38. Bb3 d3 39. Bc4 Kf6 40.
g4 Bd2 41. Kg3 Be3 42. Ba6 Bc1 {Irreproducible} 0-1

[Event "Bizkaia ch"]
[Site "Zornotza"]
[Date "2006.10.28"]
[Round "2.5"]
[White "Trigo Urquijo, Sergio"]
[Black "Rodriguez Gonzalez, Alex"]
[Result "1/2-1/2"]
[WhiteElo "2101"]
[BlackElo "2024"]
[PlyCount "54"]
[EventDate "2006.10.21"]

1. e4 d6 2. d4 Nf6 3. f3 g6 4. Be3 c6 5. c4 Nbd7 6. Nc3 a6 7. b4 b5 8. cxb5
cxb5 9. a4 bxa4 10. Qxa4 Qb6 11. Qa5 Bb7 12. Qxb6 Nxb6 13. Bd3 Bg7 14. Nge2 O-O
15. Na4 Nfd7 16. Kd2 Rfc8 17. Rhc1 Nxa4 18. Rxa4 Rxc1 19. Nxc1 Nb6 20. Ra2 d5
21. Nb3 dxe4 22. fxe4 f5 23. Nc5 fxe4 24. Bxa6 Bxa6 25. Rxa6 Nc4+ 26. Ke2 Rb8
27. Nxe4 Nxe3 1/2-1/2

[Event "Bizkaia ch"]
[Site "Zornotza"]
[Date "2006.10.28"]
[Round "2.6"]
[White "Cuero Reid, Maximo Javier"]
[Black "Galarza Docampo, Karmel"]
[Result "0-1"]
[WhiteElo "1938"]
[BlackElo "2123"]
[PlyCount "100"]
[EventDate "2006.10.21"]

1. e4 c6 2. c4 e5 3. Nc3 d6 4. Be2 Nf6 5. Nf3 Bg4 6. O-O Bxf3 7. gxf3 Nh5 8. d4
Qh4 9. dxe5 dxe5 10. Qb3 b6 11. c5 Bxc5 12. Nd5 O-O 13. Nc7 Nd7 14. Nxa8 Rxa8
15. Be3 Re8 16. Rfd1 Qh3 17. Bf1 Qxf3 18. Bxc5 Qg4+ 19. Kh1 Nxc5 20. Qh3 Nxe4
21. Qxg4 Nxf2+ 22. Kg1 Nxg4 23. Be2 Nhf6 24. Bxg4 Nxg4 25. Rd7 e4 26. Rxa7 f5
27. a4 e3 28. h3 Nf2 29. b4 Nd3 30. a5 bxa5 31. bxa5 e2 32. a6 e1=Q+ 33. Rxe1
Rxe1+ 34. Kg2 Re8 35. Rc7 Nb4 36. a7 Ra8 37. Rb7 Na6 38. Kf3 c5 39. Kf4 c4 40.
Kxf5 c3 41. Rb3 Rxa7 42. Rxc3 Nc7 43. Rc5 Kf7 44. h4 g6+ 45. Kf4 Ra4+ 46. Kg3
Ne6 47. Rc8 Ra3+ 48. Kh2 Kg7 49. h5 g5 50. Rc6 Re3 0-1

[Event "Bizkaia ch"]
[Site "Zornotza"]
[Date "2006.10.28"]
[Round "2.7"]
[White "Unzueta Romero, Jesus"]
[Black "Ruiz Ruiz, Guillermo"]
[Result "1-0"]
[WhiteElo "1957"]
[BlackElo "1901"]
[PlyCount "53"]
[EventDate "2006.10.21"]

1. e4 e6 2. d4 d5 3. Nd2 dxe4 4. Nxe4 Nd7 5. c3 Ngf6 6. Bd3 Be7 7. Nf3 Nxe4 8.
Bxe4 Nf6 9. Bc2 O-O 10. Ne5 c5 11. Be3 Qb6 12. O-O Qxb2 13. Qd3 Qb6 14. Bg5 g6
15. Rab1 Qc7 16. Qf3 Nh5 17. Bh6 Ng7 18. Be4 Rb8 19. g4 f5 20. gxf5 Bf6 21.
fxg6 hxg6 22. Nxg6 Rf7 23. Bf4 Qd8 24. Bxb8 Be5 25. Qh3 Qg5+ 26. Kh1 Rf6 27.
Qh8+ 1-0

[Event "Bizkaia ch"]
[Site "Zornotza"]
[Date "2006.11.04"]
[Round "3.1"]
[White "Guilarte Simon, Ricardo"]
[Black "Angulo Martinez, Jon"]
[Result "0-1"]
[WhiteElo "2150"]
[BlackElo "2101"]
[PlyCount "102"]
[EventDate "2006.10.21"]

1. e4 e5 2. Nf3 Nf6 3. Nxe5 d6 4. Nf3 Nxe4 5. d4 d5 6. Bd3 Nc6 7. O-O Be7 8.
Re1 f5 9. c4 Be6 10. cxd5 Bxd5 11. Nc3 Nxc3 12. bxc3 O-O 13. Ne5 Nxe5 14. Rxe5
Bf6 15. Rxf5 Qd6 16. Qa4 Qe6 17. Bd2 Kh8 18. Re1 Qd6 19. Bf4 Qd8 20. Rh5 Bg8
21. Qc2 Re8 22. Be5 Bxe5 23. dxe5 h6 24. Qe2 Qd5 25. Qe3 Re7 26. c4 Qf7 27. Rf5
Qe6 28. Rf3 Qb6 29. Qxb6 axb6 30. Re2 Rd8 31. h3 Rd4 32. Ree3 g5 33. Rf8 Kg7
34. Rb8 c6 35. e6 Bxe6 36. Bf5 Kf6 37. Rxe6+ Rxe6 38. Bxe6 Kxe6 39. Rxb7 Rxc4
40. Rxb6 Kd6 41. Rb2 Rc1+ 42. Kh2 c5 43. Rd2+ Ke5 44. Kg3 Ke4 45. Kg4 Rb1 46.
Kh5 Rb6 47. h4 gxh4 48. Kxh4 c4 49. g4 c3 50. Rd8 Rc6 51. Rd1 Kf3 0-1

[Event "Bizkaia ch"]
[Site "Zornotza"]
[Date "2006.11.04"]
[Round "3.2"]
[White "Prieto Aranguren, Alain"]
[Black "Galzagorri Uli, Yeray"]
[Result "1/2-1/2"]
[WhiteElo "2105"]
[BlackElo "2224"]
[PlyCount "98"]
[EventDate "2006.10.21"]

1. d4 c5 2. e3 cxd4 3. exd4 d5 4. Bd3 Nc6 5. c3 Nf6 6. Bf4 Bg4 7. Qb3 Qc8 8.
Na3 a6 9. f3 Bh5 10. Ne2 e6 11. Nc2 Be7 12. Ne3 Bg6 13. Bxg6 hxg6 14. c4 Bb4+
15. Kf2 Qd7 16. Rhd1 O-O 17. Nc3 Bxc3 18. Qxc3 dxc4 19. Nxc4 Nd5 20. Qd2 b5 21.
Ne5 Nxe5 22. dxe5 Rfc8 23. Rac1 Rc4 24. Rxc4 bxc4 25. Qd4 Qa4 26. Rc1 Qxa2 27.
Rxc4 Nxf4 28. Qxf4 Qxb2+ 29. Kg3 Qb7 30. Rb4 Qe7 31. Kh3 a5 32. Ra4 Qc5 33. Rc4
Qa7 34. Ra4 Rd8 35. Rc4 Qb8 36. Qe4 g5 37. Rc5 Qb4 38. Qxb4 axb4 39. Rb5 Rd5
40. Rxb4 Rxe5 41. Rb7 f5 42. Rb2 Kf7 43. Kg3 Kf6 44. Kf2 Ra5 45. Re2 Ra4 46.
Rb2 g4 47. Re2 gxf3 48. Kxf3 e5 49. Rb2 Ra3+ 1/2-1/2

[Event "Bizkaia ch"]
[Site "Zornotza"]
[Date "2006.11.04"]
[Round "3.3"]
[White "Rodriguez Gonzalez, Alex"]
[Black "Galarza Bilbao, Xabier"]
[Result "1/2-1/2"]
[WhiteElo "2024"]
[BlackElo "2111"]
[PlyCount "66"]
[EventDate "2006.10.21"]

1. e4 e5 2. Nc3 Nf6 3. f4 d5 4. fxe5 Nxe4 5. d3 Nxc3 6. bxc3 c5 7. Nf3 Nc6 8.
Be2 Be7 9. O-O O-O 10. Qe1 f6 11. d4 Bf5 12. Bd3 Bxd3 13. cxd3 cxd4 14. cxd4
Qb6 15. Kh1 Nxd4 16. Qg3 fxe5 17. Qxe5 Nxf3 18. Qxd5+ Kh8 19. Rxf3 Rxf3 20.
Qxf3 Rf8 21. Be3 Qc7 22. Qd1 Qe5 23. Bxa7 Bd6 24. Qg1 Qe2 25. d4 Ra8 26. d5 h5
27. Bc5 Bxc5 28. Qxc5 Rxa2 29. Rxa2 Qxa2 30. Qf8+ Kh7 31. Qf5+ g6 32. Qf7+ Kh6
33. Qf4+ Kh7 1/2-1/2

[Event "Bizkaia ch"]
[Site "Zornotza"]
[Date "2006.11.04"]
[Round "3.4"]
[White "Galarza Docampo, Karmel"]
[Black "Garitaonaindia Areitio, Iker"]
[Result "1-0"]
[WhiteElo "2123"]
[BlackElo "1964"]
[PlyCount "51"]
[EventDate "2006.10.21"]

1. Nf3 d6 2. d4 Nf6 3. c4 Nbd7 4. Nc3 e5 5. e4 Be7 6. Be2 O-O 7. O-O c6 8. Re1
b6 9. Bf1 Qc7 10. Rb1 a5 11. b3 Bb7 12. Bb2 Rad8 13. d5 Nc5 14. a3 Qd7 15. b4
axb4 16. axb4 Na6 17. dxc6 Bxc6 18. b5 Bxe4 19. Nxe4 Nxe4 20. Rxe4 Nc5 21. Re1
f5 22. Qd5+ Kh8 23. Rbd1 Rf6 24. Ba3 e4 25. Nd4 e3 26. Rxe3 1-0

[Event "Bizkaia ch"]
[Site "Zornotza"]
[Date "2006.11.04"]
[Round "3.5"]
[White "Torres Garcia, Koldo"]
[Black "Trigo Urquijo, Sergio"]
[Result "1/2-1/2"]
[WhiteElo "1942"]
[BlackElo "2101"]
[PlyCount "77"]
[EventDate "2006.10.21"]

1. e4 e5 2. f4 exf4 3. Bc4 g5 4. h4 Bg7 5. Qh5 Qe7 6. d3 h6 7. Nc3 c6 8. Qe2 d6
9. hxg5 hxg5 10. Rxh8 Bxh8 11. Qh5 Bxc3+ 12. bxc3 d5 13. Bb3 dxe4 14. Ba3 Qf6
15. O-O-O Nh6 16. Re1 e3 17. Nf3 g4 18. Ng5 Qxc3 19. Kb1 Qxe1+ 20. Kb2 e2 21.
Ne4 Qa1+ 22. Kxa1 e1=Q+ 23. Kb2 Bf5 24. Qxh6 Kd8 25. Qf8+ Kc7 26. Qd6+ Kc8 27.
Qe7 Bxe4 28. Bd6 Qa5 29. Qxe4 Nd7 30. Bxf7 Qd8 31. Be6 Qf6+ 32. d4 f3 33. Qxg4
f2 34. Bxd7+ Kd8 35. Be5 f1=Q 36. Bxf6+ Qxf6 37. Qg8+ Kxd7 38. Qxa8 Qxd4+ 39.
Kb1 1/2-1/2

[Event "Bizkaia ch"]
[Site "Zornotza"]
[Date "2006.11.04"]
[Round "3.6"]
[White "Diez Fraile, David"]
[Black "Unzueta Romero, Jesus"]
[Result "1-0"]
[WhiteElo "2142"]
[BlackElo "1957"]
[PlyCount "59"]
[EventDate "2006.10.21"]

1. c4 c6 2. Nf3 d5 3. e3 Nf6 4. Nc3 e6 5. b3 Bd6 6. Qc2 Nbd7 7. Bb2 O-O 8. Be2
e5 9. cxd5 cxd5 10. Nb5 Qe7 11. Nxd6 Qxd6 12. Rc1 Ne8 13. Qc3 f6 14. g4 Nb6 15.
g5 Bf5 16. gxf6 gxf6 17. Nh4 Bg6 18. Rg1 Rc8 19. Qa5 Rxc1+ 20. Bxc1 Qc6 21. Ba3
Kf7 22. Nxg6 hxg6 23. Qb4 Nd6 24. Qxd6 Qxd6 25. Bxd6 Rh8 26. Rh1 Rc8 27. Kd1
Ke6 28. Ba3 a5 29. h4 a4 30. h5 1-0

[Event "Bizkaia ch"]
[Site "Zornotza"]
[Date "2006.11.04"]
[Round "3.7"]
[White "Alonso Alonso, Ivan"]
[Black "Cuero Reid, Maximo Javier"]
[Result "1-0"]
[WhiteElo "2176"]
[BlackElo "1938"]
[PlyCount "88"]
[EventDate "2006.10.21"]

1. e4 Nc6 2. Nc3 Nf6 3. f4 d5 4. e5 d4 5. exf6 dxc3 6. bxc3 gxf6 7. Rb1 Qd5 8.
Rb2 Bh6 9. d4 Rg8 10. Qf3 Be6 11. Rxb7 Qxf3 12. Nxf3 Bxa2 13. Rxc7 Bd5 14. Bb5
Rxg2 15. Bxc6+ Bxc6 16. Rxc6 Rxc2 17. O-O a5 18. d5 Kd7 19. Ba3 Bxf4 20. Re1
Re8 21. Ra6 Rxc3 22. Ra7+ Bc7 23. Rc1 Rg8+ 24. Kf2 Rxc1 25. Bxc1 Rg4 26. Be3
Kc8 27. Ra6 Ra4 28. Rc6 Ra2+ 29. Nd2 Kb7 30. h4 h5 31. Ke2 a4 32. Rc4 Bd6 33.
Kd1 Ra1+ 34. Kc2 a3 35. Bd4 Rh1 36. Bc3 f5 37. Kb3 Rh3 38. Ka2 Rh2 39. Kb3 f4
40. Bb4 a2 41. Kxa2 f3 42. Kb3 Be5 43. Re4 Bf6 44. Nxf3 Rh3 1-0

[Event "Bizkaia ch"]
[Site "Zornotza"]
[Date "2006.11.11"]
[Round "4.1"]
[White "Angulo Martinez, Jon"]
[Black "Galzagorri Uli, Yeray"]
[Result "0-1"]
[WhiteElo "2101"]
[BlackElo "2224"]
[PlyCount "54"]
[EventDate "2006.10.21"]

1. e4 c5 2. Nf3 e6 3. d4 cxd4 4. Nxd4 Qb6 5. Nb3 Qc7 6. Nc3 a6 7. Bd3 b5 8. Qe2
Bb7 9. f4 Nf6 10. a4 b4 11. Nd1 Be7 12. Nf2 d6 13. Bd2 Nc6 14. O-O e5 15. Nd1
d5 16. exd5 Nxd5 17. fxe5 Nxe5 18. Be4 O-O 19. Re1 Bd6 20. Ne3 Nf4 21. Qf2 Nh3+
22. gxh3 Bxe4 23. Nd4 Bc5 24. Qh4 f5 25. Ne6 Nf3+ 26. Kf1 Nxd2+ 27. Ke2 Qxh2+
0-1

[Event "Bizkaia ch"]
[Site "Zornotza"]
[Date "2006.11.11"]
[Round "4.2"]
[White "Prieto Aranguren, Alain"]
[Black "Guilarte Simon, Ricardo"]
[Result "1/2-1/2"]
[WhiteElo "2105"]
[BlackElo "2150"]
[PlyCount "30"]
[EventDate "2006.10.21"]

1. d4 e6 2. c4 Nf6 3. Nc3 Bb4 4. e3 c5 5. Nge2 d5 6. a3 Ba5 7. dxc5 dxc4 8.
Qxd8+ Kxd8 9. Bd2 Nbd7 10. Ng3 Ne5 11. O-O-O Ke7 12. Nce4 Bxd2+ 13. Rxd2 b5 14.
cxb6 axb6 15. Nc3 Bb7 1/2-1/2

[Event "Bizkaia ch"]
[Site "Zornotza"]
[Date "2006.11.11"]
[Round "4.3"]
[White "Galarza Bilbao, Xabier"]
[Black "Galarza Docampo, Karmel"]
[Result "1-0"]
[WhiteElo "2111"]
[BlackElo "2123"]
[PlyCount "67"]
[EventDate "2006.10.21"]

1. d4 d6 2. c4 Nf6 3. Nc3 g6 4. e4 Bg7 5. f3 O-O 6. Be3 e5 7. d5 Ne8 8. Qd2 f5
9. O-O-O Nd7 10. h4 Ndf6 11. exf5 gxf5 12. h5 Rf7 13. Bd3 Kh8 14. Nh3 Ng8 15.
Ng5 Rf8 16. g4 f4 17. Bf2 h6 18. Ne6 Bxe6 19. dxe6 Qe7 20. Bf5 Bf6 21. Nd5 Qg7
22. c5 Be7 23. Kb1 dxc5 24. Nxe7 Nxe7 25. Bxc5 Nxf5 26. Bxf8 Qxf8 27. gxf5
Qxf5+ 28. Qc2 Qxc2+ 29. Kxc2 Nd6 30. Rhe1 Kg7 31. Rxe5 Kf6 32. Rc5 Nf5 33. Rd7
c6 34. Rf7+ 1-0

[Event "Bizkaia ch"]
[Site "Zornotza"]
[Date "2006.11.11"]
[Round "4.4"]
[White "Rodriguez Gonzalez, Alex"]
[Black "Alonso Alonso, Ivan"]
[Result "0-1"]
[WhiteElo "2024"]
[BlackElo "2176"]
[PlyCount "113"]
[EventDate "2006.10.21"]

1. e4 c5 2. Nc3 a6 3. f4 b5 4. Nf3 Bb7 5. d3 g6 6. g4 Bg7 7. Bg2 Nc6 8. O-O Nd4
9. Nxd4 cxd4 10. Ne2 Qb6 11. Ng3 h6 12. f5 g5 13. Bd2 Be5 14. Nh5 Nf6 15. Ng7+
Kf8 16. Nh5 Nxh5 17. gxh5 Kg7 18. Kh1 Rac8 19. Rc1 Rc6 20. Rf2 b4 21. Qg4 f6
22. Bf3 a5 23. Rg1 Kf7 24. Bd1 d5 25. Bf4 dxe4 26. Bxe5 e3 27. Rfg2 fxe5 28.
Bf3 Rhc8 29. h4 Rh8 30. Kh2 Rf6 31. hxg5 hxg5 32. Bxb7 Qxb7 33. Rh1 Rfh6 34.
Kg1 Qc6 35. Rh3 a4 36. Rgh2 Kf6 37. Rg3 Rg8 38. Qh3 b3 39. axb3 axb3 40. cxb3
Qc1+ 41. Qf1 Qxf1+ 42. Kxf1 Kxf5 43. Rf3+ Ke6 44. Rc2 Rxh5 45. Rc6+ Kd5 46. Rc7
Kd6 47. Rb7 Rc8 48. Rf7 Rh2 49. Rb6+ Kd5 50. Rb5+ Ke6 51. Kg1 Rd2 52. Rf1 Rcc2
53. Rb6+ Kd7 54. Ra1 Rg2+ 55. Kh1 Rh2+ 56. Kg1 Rcg2+ 57. Kf1 0-1

[Event "Bizkaia ch"]
[Site "Zornotza"]
[Date "2006.11.11"]
[Round "4.5"]
[White "Trigo Urquijo, Sergio"]
[Black "Diez Fraile, David"]
[Result "1-0"]
[WhiteElo "2101"]
[BlackElo "2142"]
[PlyCount "73"]
[EventDate "2006.10.21"]

1. e4 c6 2. d4 d5 3. e5 Bf5 4. Nf3 e6 5. Be2 Nd7 6. O-O Ne7 7. c3 Bg6 8. Bf4
Nf5 9. Nbd2 Be7 10. Qc1 Rc8 11. Nb3 Bh5 12. h3 Nh4 13. Qe3 Bxf3 14. Bxf3 Nxf3+
15. Qxf3 c5 16. dxc5 Nxc5 17. Nd4 a6 18. Rfd1 Qb6 19. Qe2 O-O 20. Rac1 Rfd8 21.
Rc2 Nd7 22. Qg4 Nf8 23. Re2 Ng6 24. Bg5 Qc7 25. g3 Bxg5 26. Qxg5 Qc4 27. a3 b5
28. h4 Qc7 29. h5 Qe7 30. Qg4 Nf8 31. h6 g6 32. Rf1 Kh8 33. f4 Nd7 34. f5 exf5
35. Nxf5 Qe6 36. Qg5 Nxe5 37. Nd4 1-0

[Event "Bizkaia ch"]
[Site "Zornotza"]
[Date "2006.11.11"]
[Round "4.7"]
[White "Cuero Reid, Maximo Javier"]
[Black "Garitaonaindia Areitio, Iker"]
[Result "1/2-1/2"]
[WhiteElo "1938"]
[BlackElo "1964"]
[PlyCount "120"]
[EventDate "2006.10.21"]

1. e4 d6 2. d4 Nf6 3. Bd3 e5 4. Ne2 Nbd7 5. c3 Be7 6. O-O O-O 7. f4 c6 8. fxe5
dxe5 9. Nd2 Re8 10. Nf3 exd4 11. cxd4 h6 12. Ng3 Nf8 13. e5 Nd5 14. Qe2 Be6 15.
Qe4 Ng6 16. Nf5 Qd7 17. N3h4 Bxh4 18. Nxh4 Nde7 19. Nxg6 Nxg6 20. Be3 Bd5 21.
Qf5 Qxf5 22. Rxf5 Rad8 23. Raf1 c5 24. Bb5 Re7 25. dxc5 Rxe5 26. Rxe5 Nxe5 27.
Rd1 Nc6 28. a3 Be6 29. Rd6 Rc8 30. b4 Ne5 31. Bc1 Kf8 32. h3 Ke7 33. Bb2 f6 34.
Bxe5 fxe5 35. Kf2 Rd8 36. Rxd8 Kxd8 37. Ke3 Bd5 38. g3 Ke7 39. Bd3 Ke6 40. h4
Bc6 41. g4 a6 42. Be4 Kf6 43. a4 Ke6 44. b5 axb5 45. axb5 Bxb5 46. Bxb7 Be8 47.
Be4 Ba4 48. g5 hxg5 49. hxg5 Be8 50. Kd3 Bh5 51. Kc4 Be2+ 52. Kb4 Kd7 53. Bf5+
Kc6 54. Be4+ Kd7 55. Bf5+ Kc6 56. Bg6 Bf3 57. Be8+ Kc7 58. Kc3 Bg2 59. Kd3 Bb7
60. Bg6 Bd5 1/2-1/2

[Event "Bizkaia ch"]
[Site "Zornotza"]
[Date "2006.11.18"]
[Round "5.1"]
[White "Galzagorri Uli, Yeray"]
[Black "Galarza Bilbao, Xabier"]
[Result "1-0"]
[WhiteElo "2224"]
[BlackElo "2111"]
[PlyCount "81"]
[EventDate "2006.10.21"]

1. Nf3 d5 2. c4 e6 3. g3 Nf6 4. b3 c5 5. Bg2 Nc6 6. O-O Be7 7. cxd5 exd5 8. d4
b6 9. dxc5 bxc5 10. Nc3 O-O 11. Ba3 Qa5 12. Na4 Nb4 13. Ne5 Bb7 14. Bxb4 Qxb4
15. Rc1 Rac8 16. Nd3 Qb5 17. Nc3 Qd7 18. Nf4 Rcd8 19. Qc2 g5 20. Nd3 Qf5 21.
Na4 c4 22. bxc4 dxc4 23. Qxc4 Ne4 24. Qc7 Rd7 25. Qe5 Qg6 26. Qb5 Qd6 27. Rfd1
Rfd8 28. Qf5 Qg6 29. Qxg6+ hxg6 30. f3 Nf6 31. Nac5 Rc7 32. Nxb7 Rxb7 33. Rc4
Rb5 34. Rdc1 Nd5 35. Kf2 a5 36. Ne5 Nb6 37. Nc6 Rd7 38. Nxe7+ Rxe7 39. Rc5 Rb2
40. R1c2 Rb1 41. Rxa5 1-0